000 00410nam a22001577a 4500
003 LK-CoDNM
005 20240502152725.0
008 240502b |||||||| |||| 00| 0 eng d
040 _aLK-CoDNM
_dLK-CoDNM
_eLK-CoDNM
041 _asin
080 _aඩ7
245 _aඅධ්‍යාපන ප්‍ර‍වෘත්ති
260 _aM.D.Gunasena
_bColombo
_c1938
300 _a24p.,25cm
942 _cBK
999 _c145698
_d145698